<?xml version="1.0" encoding="UTF-8"?>
<record
    xmlns:xsi="http://www.w3.org/2001/XMLSchema-instance"
    xsi:schemaLocation="http://www.loc.gov/MARC21/slim http://www.loc.gov/standards/marcxml/schema/MARC21slim.xsd"
    xmlns="http://www.loc.gov/MARC21/slim">

  <leader>02259    a2200241   4500</leader>
  <controlfield tag="001">171</controlfield>
  <controlfield tag="005">20260407155414.0</controlfield>
  <controlfield tag="008">260407a2006    arg                 spa d</controlfield>
  <controlfield tag="003">AR-UNSa-BCEJYS</controlfield>
  <datafield tag="040" ind1=" " ind2=" ">
    <subfield code="a">AR-UNSa-BCEJYS</subfield>
    <subfield code="b">spa</subfield>
    <subfield code="c">AR-UNSa-BCEJYS</subfield>
  </datafield>
  <datafield tag="080" ind1=" " ind2=" ">
    <subfield code="a">341</subfield>
    <subfield code="x">Derecho internacional</subfield>
  </datafield>
  <datafield tag="245" ind1="1" ind2="0">
    <subfield code="a">Derecho econ&#xF3;mico internacional</subfield>
    <subfield code="p">Encuentro acad&#xE9;mico entre la Universidad Cat&#xF3;lica de Lovaina y la Universidad de Buenos Aires</subfield>
  </datafield>
  <datafield tag="020" ind1=" " ind2=" ">
    <subfield code="a">978-987-03-0928-4</subfield>
  </datafield>
  <datafield tag="264" ind1=" " ind2="1">
    <subfield code="a">Buenos Aires :</subfield>
    <subfield code="b">Universidad de Buenos Aires. Facultad de Derecho</subfield>
    <subfield code="c">2006</subfield>
  </datafield>
  <datafield tag="300" ind1=" " ind2=" ">
    <subfield code="a">xxviii, 432 p.</subfield>
    <subfield code="c">24 cm.</subfield>
  </datafield>
  <datafield tag="505" ind1=" " ind2=" ">
    <subfield code="a">1. Derecho de la competencia y propiedad intelectual en el Mercosur - 2. La transformaci&#xF3;n del derecho econ&#xF3;mico en Europa: el ejemplo de las telecomunicaciones - 3. Derecho de la competencia - 4. De la Bolsa de fondos p&#xFA;blicos y de cambio del Reino de B&#xE9;lgica a Brussels Exchanges - 5. Privatizaciones, mercado de capitales e inversi&#xF3;n externa: La experiencia Argentina - 6. La protecci&#xF3;n de los accionistas en el derecho belga - 7. El Corporate Governance &#xBF;Una nueva perspectiva para las sociedades? - 8. Conflictos societarios: una visi&#xF3;n general y particular del derecho argentino - 9. R&#xE9;gimen de sociedades comerciales en la Rep&#xFA;blica Argentina. Necesidad de su reforma mediante la aplicaci&#xF3;n de la doctrina del "Buen gobierno corporativo" (Corporate Goverment) - 10. Adquisiciones de empresas - 11. Transporte fluvial. Hacia un sistema normativo propio - 12. Las libertades fundamentales y el R&#xE9;gimen tributario de ganancias en aplicaci&#xF3;n directa de las disposiciones del Tratado de Roma por parte de la Corte de Justicia - 13. Establecimiento permanente y comercio electr&#xF3;nico - 14. Estudio preliminar sobre el problema de la doble imposici&#xF3;n entre el reino de B&#xE9;lgica y la Rep&#xFA;blica Argentina - 15. La responsabilidad penal de las personas jur&#xED;dicas en el derecho belga - 16. Responsabilidad penal de las personas jur&#xED;dicas </subfield>
  </datafield>
  <datafield tag="041" ind1=" " ind2=" ">
    <subfield code="a">spa</subfield>
  </datafield>
  <datafield tag="942" ind1=" " ind2=" ">
    <subfield code="c">BK</subfield>
  </datafield>
  <datafield tag="590" ind1=" " ind2=" ">
    <subfield code="a">niveau_biblio:m niveau_hierar:0</subfield>
  </datafield>
  <datafield tag="100" ind1="1" ind2=" ">
    <subfield code="a">G&#xF3;mez Mas&#xED;a, Mar&#xED;a Cecilia</subfield>
  </datafield>
  <datafield tag="700" ind1="1" ind2=" ">
    <subfield code="a">Czar de Zalduendo, Susana</subfield>
  </datafield>
  <datafield tag="856" ind1="4" ind2="1">
    <subfield code="u">https://biblioeco.unsa.edu.ar/pmb/images/libros/Derecho Economico Internacional-l117418.jpg</subfield>
    <subfield code="y">Imagen de portada</subfield>
    <subfield code="q">image/jpeg</subfield>
  </datafield>
  <datafield tag="999" ind1=" " ind2=" ">
    <subfield code="c">132</subfield>
    <subfield code="d">132</subfield>
  </datafield>
  <datafield tag="952" ind1=" " ind2=" ">
    <subfield code="0">0</subfield>
    <subfield code="1">0</subfield>
    <subfield code="4">0</subfield>
    <subfield code="7">0</subfield>
    <subfield code="a">BCEJYS</subfield>
    <subfield code="b">BCEJYS</subfield>
    <subfield code="c">16</subfield>
    <subfield code="d">2026-04-07</subfield>
    <subfield code="l">0</subfield>
    <subfield code="o">341 G633</subfield>
    <subfield code="p">L117418</subfield>
    <subfield code="r">2026-04-07 15:54:14</subfield>
    <subfield code="w">2026-04-07</subfield>
    <subfield code="y">L</subfield>
  </datafield>
</record>
